Quizzes
Events
Quiz Creation
Community
Videos
Private Events
Remove Ads
Sign In
Join for FREE
Feedback
Dark Mode
Quiz Categories
Sports
Geography
Music
Movies
Television
Just For Fun
Miscellaneous
History
Literature
Language
Science
Gaming
Entertainment
Religion
Holiday
For Kids
Quiz Lab
Recent
Popular Today
Quiz Kudos Today
Editor Picks
Curator Picks
Quizzes by...
Day
Popularity
Type
Ratings
Length
Year
Community
Subscriptions
Recent Discussions
Orange Saloon
Badges
Playlists
Quests
Create
Leaderboards
Showdown
Live 5
Trivia Bingo
Activity
Puzzle Library
Sporcle Events
Private Events
Virtual Trivia
Globe League
Become a Host
Pub Owners
SporcleCon
Opinionation
Our Games
Videos
Blog
Mobile Apps
Partnerships
Remove Ads and Go Orange
Feedback
Just For Fun
Clickable
Get the Picture
Humor
Quick Pick
Word Ladder
Missing Word
Mixed Word
Blitz
Minefield
This or That
Alphabet
Color
Typing
Sporcle
Puzzle
Word Play
Follow That Line
Logic
Just For Fun
Clickable
Get the Picture
Humor
Quick Pick
Word Ladder
Missing Word
Mixed Word
Blitz
Minefield
This or That
Alphabet
Color
Typing
Sporcle
Puzzle
Word Play
Follow That Line
Logic
Random Quiz
Search Sporcle
×
Quiz Lab
Quiz Lab
Just For Fun
Style
Type in answers that appear in a list
Type in answers that appear in a list
Classic
Best Score? Go Orange.
Postwar Lionel Locomotives Stats
Can you name the Postwar Lionel Locomotives
By
lawnmoerthebarn
10m
12 Questions
2 Plays
2 Plays
2 Plays
Comments
Comments
Give Quiz Kudos
Give Quiz Kudos
-
- Ratings
hide this ad
Forced Order
Answers have to be entered in order
Answers have to be entered in order
Replay
Link that replays current quiz
Next Quiz
Link to next quiz in quiz playlist
You Got
0%
They Got
Avg Score
95%
Avg Friend Score
Upgrade to see
Score Distribution
Jump to the score distribution portion of the page
Score
0/12
Timer
10:00
0
Plays Today
Year and Style
Answer
% Correct
1945-
46 Prairie (2-
6-
2)
224
100%
1950-
51 k-
4 Pacific (2-
6-
4)
2035
100%
1946-
47 Prairie (2-
6-
2)
1666
100%
1964-
69 Adriatic (2-
6-
4)
2029
100%
1960-
62 Columbia (2-
4-
2)
1060
100%
1947-
49 k-
4 Pacific (2-
6-
2)
2025
100%
1947-
49 k-
4 Pacific (2-
6-
2)
2025
100%
1946 Switcher (0-
4-
0)
1665
100%
1959-
62 General (4-
4-
0)
1872
100%
1959-
62 General (4-
4-
0)
1872
100%
1950 and 1964 Hudson (4-
6-
4)
773
100%
1952 Berkshire (2-
8-
4)
723RR
50%
Quiz Playlist
Details
Report
Send in Message
Add To Playlist
Classic:
Type in answers that appear in a list
Forced Order:
Answers have to be entered in order
Last Updated: Feb 16, 2017
Quiz Scoreboard
CHALLENGE
Sign Up to Join the Scoreboard
Show All
Scores
Hide
Comments
May contain spoilers
Recently Published
One Thing in Common: World Cities II
by knightlancer
Geography
7m
Popular People in 1961
by mucciniale
History
6m
1-10 Letter E Words III
by El_Dandy
Language
2m
More to Explore
Quiz From the Vault
Featured Blog Post
Where Did the Easter Bunny Come From?
hide this ad
You Might Also Like...
Tags
Locomotive
Style
Today's Top Quizzes in Just For Fun
Browse Just For Fun
hide this ad
Today's Top Quizzes in Style
Browse Style
Top Contributed Quizzes in Just For Fun
1
Harry Potter Logic - 'In Chains' II
2
Survivor Winners Logic Puzzle
3
Crossword Whiteout! 49
4
Letter's Position in the Alphabet Blitz
5
Clickable 1 to 100 Minefield
6
College Bound Logic Puzzle
7
Harry Potter Logic - 'In Chains'
8
Aquarium Logic Puzzle 17
9
Tapa Puzzle
10
Thermometer Puzzle 25
Explore More
Trending Topics
Harry Potter
Marvel
Anime
Disney
NBA
Crossword
Kpop
WWE
Puzzle
Pokémon
Country
NFL
The Office
Soccer
Song
hide this ad
More By:
lawnmoerthebarn
Quiz
Plays
Rating
Category
Featured
Created
Postwar Lionel Locomotives
2
Just For Fun
Dec 31, 2014
Go to Creator's Profile
Score Distribution
Quiz Creator Spotlight
lawnmoerthebarn
Follow
Send a Message
Quizzes Created
-
Created Quiz Play Count
-
More By This Creator
Popular Quizzes Today
1
Find the US States - No Outlines Minefield
2
Popular People in 1961
3
The Countries of the World
4
1-10 Letter E Words III
5
Find the US States
6
Find the Countries of Europe - No Outlines Minefield
7
US States
8
One Thing in Common: World Cities II
More Just For Fun Quizzes
Quick Pick: Ben Stiller Roles
Published
Trending Quizzes
1-10 Letter F Words
1-10 Letter G Words
Risky Map Clicking: States by Unique Starting Letters
1-10 Letter F Words II
Risky Map Clicking: Next State Alphabetically
Recently Updated
Reality TV Shows (A-Z)
bhenderson79
Rickey Henderson's Hall of Fame Teammates
pecheneg
Champions League XIs: Arsenal
pecheneg
Quick Pick: Celebrities in WWE's Hall of Fame
aduchscher
A-Z Keypad Blitz II
pecheneg
Multiple Oscar Actors
pecheneg
Mystery Phrase Blitz: Oscar 'Best Actors'
pecheneg
F. Scott Fitzgerald Novels
LTH
Pick 3 Villains
ddd62291
This, But Not That XII
gazzso
Trending Topics
NBA
Anime
Crossword
Harry Potter
Marvel
Kpop
Disney
Pokémon
WWE
Country
Puzzle
Soccer
The Office
NFL
Song
Your Account Isn't Verified!
In order to create a playlist on Sporcle, you need to verify the email address you used during registration. Go to your
Sporcle Settings
to finish the process.
Report this User
Report this user for behavior that violates our
Community Guidelines
.
Details:
Send Report
Go to the Sporcle.com Mobile Site →
Comments